|
|
|
|
| LEADER |
00000nab a2200000 a 4500 |
| 001 |
vtls000192895 |
| 003 |
SK-MaSNL |
| 005 |
20260303230241.0 |
| 008 |
220422c1984 xo 0 slo |
| 015 |
|
|
|a SNBRB19rr/mm-uuuuu
|
| 035 |
|
|
|a CL0203008
|
| 040 |
|
|
|a SNKBUCL
|b slo
|c SNKBUCL
|e AACR2
|
| 041 |
0 |
|
|a slo
|
| 044 |
|
|
|a xo
|c SK
|
| 080 |
|
|
|a 612.74
|2 1981
|
| 080 |
|
|
|a 615.837
|2 1981
|
| 080 |
|
|
|a 616-005.2
|2 1981
|
| 100 |
1 |
|
|a Hupka, J.
|4 aut
|9 930834
|
| 245 |
1 |
0 |
|a Kapilárne prekrvenie svalu po aplikácii ultrazvuku
|c J. Hupka
|
| 300 |
|
|
|b Tb. 1. Res. rus., angl., lit. 12 zázn. v angl., nem.
|
| 650 |
0 |
7 |
|a svaly
|2 snkbucl
|9 19994
|
| 655 |
|
7 |
|a články z novín a časopisov
|2 snkbucl
|9 267496
|
| 773 |
0 |
|
|t Fysiatrický a revmatologický věstník
|g Roč. 62, č. 4 (1984), s. 188-190
|
| 850 |
|
|
|a Slovenská národná knižnica v Martine
|a MTA001
|
| 852 |
|
|
|a SNK
|b KIS3GCP
|
| 958 |
|
|
|a NB
|
| 958 |
|
|
|a RK
|
| 958 |
|
|
|a ME
|
| 992 |
|
|
|a RBX
|
| 999 |
|
|
|c 2260921
|d 2262851
|